000 02071nam a2200445 c 4500
003 BLK
005 20220802092950.0
008 180409b bul|||||r ||||||| ||bul||
010 _aKNG00120296000
020 _a978-954-09-0431-3
_bиздат.: Захарий Стоянов - (Захарий Стоянов)
020 _a978-954-07-2954-1
_bиздат.: Унив. изд. Св. Климент Охридски - (Унив. изд. Св. Климент Охридски)
040 _aBLK
041 _aBUL
_cBUL
072 7 _2bullib
_aН32
_xПолитика Н
080 _aВътрешна политика. Вж и 329
_b323
_x(497.2)(092)(093.3)
_z323(497.2)(092)(093.3)
080 _aКомунистически партии. Вж и 327.323
_b329.15
_x(497.2)БКП(092)(093.3)
_z329.15(497.2)БКП(092)(093.3)
080 _aБългарски художник-живописец (1960-
_b929 Йорданов, Георги
_x
_z929 Йорданов, Георги
139 _aЖивот на длан
_bИ 83
245 1 0 _aЖивот на длан
_bДуми за Георги Йорданов : Сб.
257 _aBGR
260 София
_bЗахарий Стоянов
_bУнив. изд. Св. Климент Охридски
_c2009
300 _a520 с., 36 л.
_bфотогр.
_c24 см
380 _a3
500 _aПълното име на Г. Йорданов е Георги Йорданов Момчев.
600 1 4 _aЙорданов, Георги
_9369522
650 4 _aЙорданов, Георги
_9369522
650 4 _aПолитици, български - спомени
_9247072
650 4 _aБКП - дейци - спомени
_9241772
651 4 _aБългария
_9241624
653 _aполитици
653 _aбългарски политици
653 _aБКП
653 _aГеорги Йорданов
659 _aН
852 _aЦб 250155
856 4 _qpdf
_u
856 4 _qpdf
_u
942 _cKNG
_n0
_03
944 _aCR
_c02.12.2010
_lф /
_kГеновева_Генчева
944 _aED
_c02.11.2016
_lф /
_kЛюдмила_Стоянова
999 _c114855
_d114855